banner koha

Projeto 2 - Nova Prata - um sistema de producao de soja, trigo, milho e novilho precoce [Glycine max, Triticum ssp., Zea mays, Rio Grande do Sul, Brasil] (Registro n. 20353)

MARC details
000 -LÍDER
campo de controle de tamanho fixo 01177nam a22003497a 4500
001 - NÚMERO DE CONTROLE
campo de controle BR7406634
003 - IDENTIFICADOR DO NÚMERO DE CONTROLE
campo de controle BR-BrBNA
005 - DATA E HORÁRIO DA ÚLTIMA TRANSAÇÃO
campo de controle 20230928084650.0
007 - CAMPO FIXO DE DESCRIÇÃO FÍSICA--INFORMAÇÃO GERAL
campo de controle de tamanho fixo ta
008 - CAMPO DE DADOS FIXOS--INFORMAÇÃO GERAL
campo de controle de tamanho fixo 230509b bl.||||| |||| 00| 0 por d
040 ## - FONTE DA CATALOGAÇÃO
Instituição da catalogação original BR-BrBNA
Idioma da catalogação por
Instituição que transcreveu o registro Biblioteca Nacional de Agricultura
041 ## - CÓDIGO DE IDIOMA
Código do idioma do texto/trilha sonora ou título diferente (Por)
072 ## - CÓDIGO DE CATEGORIA DE ASSUNTO
Código de Categoria de Assunto F00; L00
Código do objeto 0336
-- 0180
-- 0120
-- 5212
-- /G514
090 ## - NÚMERO DE CHAMADA LOCAL
-- 0336 BR7406634
100 1# - ENTRADA PRINCIPAL--NOME PESSOAL
Nome pessoal Almeida, A.P.
100 1# - ENTRADA PRINCIPAL--NOME PESSOAL
Nome pessoal Hoffmann, J.H.
100 1# - ENTRADA PRINCIPAL--NOME PESSOAL
Nome pessoal Konold, Frieder
110 1# - ENTRADA PRINCIPAL--NOME CORPORATIVO
Nome corporativo ou nome da jurisdição Secretaria da Agricultura, Porto Alegre, RS (Brasil). Unidade de Economia Agricola
9 (RLIN) 8500
245 1# - TÍTULO
Título Projeto 2 - Nova Prata - um sistema de producao de soja, trigo, milho e novilho precoce [Glycine max, Triticum ssp., Zea mays, Rio Grande do Sul, Brasil]
260 3# - PUBLICAÇÃO, DISTRIBUIÇÃO, ETC.
Local de publicação, distribuição, etc. Porto Alegre, RS (Brasil):
Data da publicação, distribuição, etc. 1974.
300 ## - DESCRIÇÃO FÍSICA
Extensão 79 p.
500 ## - NOTA GERAL
Nota geral (*) Documento disponível no(a) Comissao Estadual de Planejamento Agricola, Porto Alegre, RS (Brazil)
650 ## - ASSUNTO--TERMO TÓPICO
Cabeçalho tópico ou nome geográfico PRODUCAO VEGETAL
650 ## - ASSUNTO--TERMO TÓPICO
Cabeçalho tópico ou nome geográfico PRODUCAO ANIMAL
650 ## - ASSUNTO--TERMO TÓPICO
Cabeçalho tópico ou nome geográfico SOJA
650 ## - ASSUNTO--TERMO TÓPICO
Cabeçalho tópico ou nome geográfico TRIGO
650 ## - ASSUNTO--TERMO TÓPICO
Cabeçalho tópico ou nome geográfico MILHO
650 ## - ASSUNTO--TERMO TÓPICO
Cabeçalho tópico ou nome geográfico BOVINO
650 ## - ASSUNTO--TERMO TÓPICO
Cabeçalho tópico ou nome geográfico RIO GRANDE DO SUL
909 ## -
-- 202309
-- Lucia
-- 55
-- Lucia Elande
942 ## - ELEMENTOS DE ENTRADA ADICIONADOS (KOHA)
Tipo de material Koha Livros
Exemplares
Situação do descarte Fonte da classificação ou esquema de arquivamento na estante Situação física Não pode ser emprestado Biblioteca de origem Biblioteca atual Total de empréstimos Data de último acesso Número do exemplar Tipo de material Koha Nota pública Situação das perdas Data de aquisição Fonte de aquisição Qualificador de local codificado Custo, preço normal de compra Número do inventário Custo, preço de reposição Preço efetivo de
  Classificação AGRIS   INDISPONÍVEL Biblioteca Nacional de Agricultura - Binagri Biblioteca Nacional de Agricultura - Binagri   25/09/2023 01 Livros (*) Documento disponível no(a) Comissao Estadual de Planejamento Agricola, Porto Alegre, RS (Brazil) Em falta 2023-09-25 Portaria Interministerial nº 164/94          

BINAGRI

Telefone: (61)3218-2567/2388/3357/2097 - binagri@agro.gov.br

Ministério da Agricultura e Pecuária , Esplanada dos Ministérios, Bloco D, Anexo B, Brasília/DF, CEP: 70.043-900